00393 2200181 4500001002100000008004100021035002000062245002000082100000800102250000600110260002500116300001100141084001400152082000800166650001300174990001200187990001200199INLIS000000000000691 ind  a0010-0424000667 aPembiayaancOJK aOJK a1 aJakarta :bOJKc2014 a19 hlm a300 OJK p a300 aNonfiksi a0721857 a0721858